| 000 | 01168cam a22003255a 4500 | ||
|---|---|---|---|
| 001 | 10818186 | ||
| 005 | 20160225120442.0 | ||
| 008 | 120712s2012 caua fr 001 0 eng d | ||
| 020 | _z9781449316150 | ||
| 040 |
_aUMI _beng _cUMI _dEG-ScBUE |
||
| 082 | 0 | 4 |
_222 _a006.686 _bSNI |
| 100 | 1 |
_aSnider, Lesa. _939438 |
|
| 245 | 1 | 0 |
_aPhotoshop CS6 : _bthe missing manual / _cLesa Snider ; forward by David Pogue. |
| 246 | 3 | _aPhotoshop CS 6 | |
| 246 | 3 | _aPhotoshop Creative Suite 6 | |
| 246 | 3 | _aPhotoshop Creative Suite Six | |
| 250 | _a1st ed. | ||
| 260 |
_aSebastopol : _bPogue Press / O'Reilly, _c2012. |
||
| 300 |
_axxii, 862 p. : _bill. ; _c24 cm. |
||
| 500 | _aIncludes index. | ||
| 630 | 0 | 7 |
_aAdobe Photoshop. _937025 |
| 650 | 7 |
_aImage processing _xDigital techniques. _2BUEsh _94647 |
|
| 650 | 7 |
_aPhotography _xDigital techniques. _2BUEsh _937027 |
|
| 651 | _2BUEsh | ||
| 653 |
_bCOMSCI _cFebruary2016 |
||
| 700 | 1 |
_aPogue, David, _eauthor of introduction, etc. |
|
| 710 | 2 | _aSafari Tech Books Online. | |
| 776 | 0 | 8 |
_iPrint version: _aSnider, Lesa. _tPhotoshop CS6. _b1st ed. _dSebastopol, CA : O'Reilly Media, 2012 _z9781449316150 _w(OCoLC)773668205 |
| 942 | _2ddc | ||
| 999 |
_c21245 _d21217 |
||